00385pab a2200121 454500008004000000100002100040245010400061260000900165300001300174362001100187650003100198773003400229180718b2011 xxu||||| |||| 00| 0 eng d aManasi, S. et al aBeyond the rhetoric of integrated water resources management: The case of the Tungabhadra Sub-basin c2011 ap.52-60. a20 Aug aWater resources management aEconomic and Political Weekly